Adequation entrequantite de pate stimulante et production de caoutchouc d'Hevea brasiliensis dans le sud-est de la Cote d'Ivoire (Record no. 45702)
[ view plain ]
| 000 -LEADER | |
|---|---|
| fixed length control field | 00688nam a2200229Ia 4500 |
| 100 ## - MAIN ENTRY--AUTHOR NAME | |
| Personal name | Obouayeba S |
| 245 #0 - TITLE STATEMENT | |
| Title | Adequation entrequantite de pate stimulante et production de caoutchouc d'Hevea brasiliensis dans le sud-est de la Cote d'Ivoire |
| 260 ## - PUBLICATION, DISTRIBUTION, ETC. (IMPRINT) | |
| Name of publisher | Tropicultura |
| Year of publication | 1996 |
| 300 ## - PHYSICAL DESCRIPTION | |
| Number of Pages | 54-58 |
| 520 ## - SUMMARY, ETC. | |
| Summary, etc | Summary in English |
| 650 ## - SUBJECT ADDED ENTRY--TOPICAL TERM | |
| Topical Term | Hevea brasiliensis |
| 650 ## - SUBJECT ADDED ENTRY--TOPICAL TERM | |
| Topical Term | Length of tapping cut |
| 650 ## - SUBJECT ADDED ENTRY--TOPICAL TERM | |
| Topical Term | Metabolic activity |
| 650 ## - SUBJECT ADDED ENTRY--TOPICAL TERM | |
| Topical Term | Productivity |
| 650 ## - SUBJECT ADDED ENTRY--TOPICAL TERM | |
| Topical Term | Quantity stimulation paste |
| 650 ## - SUBJECT ADDED ENTRY--TOPICAL TERM | |
| Topical Term | Remanence |
| 650 ## - SUBJECT ADDED ENTRY--TOPICAL TERM | |
| Topical Term | Yield improvement ration |
| 700 ## - ADDED ENTRY--PERSONAL NAME | |
| Personal name | Boa D |
| 700 ## - ADDED ENTRY--PERSONAL NAME | |
| Personal name | Keli Z.J. |
| 942 ## - ADDED ENTRY ELEMENTS (KOHA) | |
| Koha item type | Reprints |
| Withdrawn status | Lost status | Damaged status | Not for loan | Home library | Current library | Date acquired | Serial Enumeration / chronology | Koha item type |
|---|---|---|---|---|---|---|---|---|
| Reprints | RRII Library | RRII Library | 22/12/2021 | Volume 14, Issue 2 | Reprints |